000 00307nam a22001457a 4500
008 190129b xxu||||| |||| 00| 0 eng d
020 _a0-397-54252-6
041 _aeng
080 _a616
082 _a616
100 _a9
101 _aPAT
245 _aPathophysiology
_cPorth Carol
942 _2udc
_cBK
999 _c53847
_d53847